| 000 | 00928nam a2200253 a 4500 | ||
|---|---|---|---|
| 001 | BRCA_951 | ||
| 005 | 20190320203224.0 | ||
| 008 | 970527s1997 mx-a---##b---#000-0#spa-d | ||
| 020 | _a9688424374 | ||
| 040 |
_aTxSaT _cTxSaT _dDLC |
||
| 050 | 4 |
_aHD1471.M4 _b.H33 1997 |
|
| 245 | 1 | 0 |
_aHaciendas de Morelos _cBrigida von Mentz ... [et al.]. |
| 260 |
_aMéxico _bInstituto de Cultura de Morelos : CONACULTA : Porrúa _c1997 |
||
| 300 |
_a412 p. _bil. (algunas a color) _c32 cm. |
||
| 504 | _aBibliografía: p. 213-215 y 377-380 | ||
| 650 | 1 | 4 |
_aHaciendas _zMéxico _93145 |
| 650 | 1 | 4 |
_aCaña de azúcar _xCultivo _zMéxico _93146 |
| 650 | 1 | 4 |
_aArquitectura _zMéxico _9596 |
| 651 | 4 |
_aMorelos (México : Estado) _xHistoria _93147 |
|
| 651 | 4 |
_aMorelos (México : Estado) _xEdificios, estructuras, etc. _93148 |
|
| 651 | 4 |
_aMorelos (México : Estado) _xDescripción y viajes _93149 |
|
| 700 | 1 |
_aMentz, Brigida von _93150 |
|
| 942 |
_2lcc _cB |
||
| 999 |
_c840 _d840 |
||